000 00957nam0a22002651 4500
001 rc\304024
005 20250621030457.0
035 _a(NLR Aleph) 005539690
090 _a5697078
_c5697078
100 _a20030307d1990 |||y0rusy50 ca
101 0 _arus
102 _aRU
105 _aa |||||||||
200 1 _aОтладка систем защиты с использованием сетей Петри
_fВ.В. Кульба, Д.А. Миронов, Е.Б. Соколова
_gИн-т пробл. управления
205 _aПрепр.
210 _aМ.
_cИПУ
_d1990
215 _a49, [1] с.
_cил.
_d20
700 1 _4070
_aКульба
_bВ. В.
_cд-р техн. наук
_f1937-
_gВладимир Васильевич
_9148033
_3RU\NLR\AUTH\770148069
701 1 _aМиронов
_bД.А.
701 1 _aСоколова
_bЕ.Б.
801 0 _aRU
_bNLR
_gpsbo
801 1 _aRU
_bELAR
_2rusmarc
852 _aNLR
_j90-4/4670
942 _cBOOK
980 _aNB